00727nam a22002057a 4500003000500000005001700005008004100022010001000063011001000073035001000083040000900093100003800102245011100140260004000251300001900291502013100310650003100441650002300472650002600495CHAP20220329140920.0971013s1996 r 00010 d a59743 a60715 a64877 cCHAP00aGarcía Martínez, José Luis. aAnálisis de semillas de Cercis canadensis L. y potencial de la especie para su uso en dasonomía urbana aChapingo, Méx. :bEl autor,c1996 a71 h.b: ilus. aTesis (Ing. Forestal con Orientación en Economía y Ordenación) -- UACH. División de Ciencias Forestales y del Ambiente14aBosquesxAdministración.14aCercis canadensis.14aSemillasxAnálisis.